| 000 | 00499cam a22001457a 4500 | ||
|---|---|---|---|
| 008 | 180718b1963 xxu||||| |||| 00| 0 eng d | ||
| 082 | _aA6x43 R545 | ||
| 100 | _aRobertson, E.M. | ||
| 245 |
_aHitler's pre-war policy and military plans 1933-1939 _cby E.M. Robertson |
||
| 260 |
_aLondon _bLongmans _c1963 |
||
| 300 | _axiii, 207p | ||
| 650 | _aGermany -Military policy. [from old catalog]. | ||
| 650 | _aGermany -Foreign relations -1933-1945. [from old catalog] | ||
| 650 | _aHitler, Adolf, 1889-1945 | ||
| 999 |
_c410972 _d410972 |
||